[Event "Party on Budapest!"]
[Site "SchemingMind.com"]
[Date "2012.08.10"]
[Round "-"]
[White "marooned"]
[Black "kibic"]
[Result "0-1"]
[WhiteCountry "CHI"]
[BlackCountry "INT"]
[WhiteElo "1974"]
[WhiteRD "73"]
[BlackElo "2241"]
[BlackRD "68"]
[GameID "315567"]

1. d4 Nf6 2. c4 e5 3. dxe5 Ng4 4. Nf3 Bc5 5. e3 Nc6 6. Be2 Ngxe5 7. Nc3 Nxf3+ 8. Bxf3 O-O 9. O-O d6 10. a3 a5
11. Bxc6 bxc6 12. b3 Qg5 13. e4 Qe5 14. Na4 Qxa1
0-1

[Event "Party on Budapest!"]
[Site "SchemingMind.com"]
[Date "2012.08.05"]
[Round "-"]
[White "Daryl Fouard"]
[Black "mtnewk"]
[Result "1-0"]
[WhiteCountry "USA"]
[BlackCountry "USA"]
[WhiteElo "1847"]
[WhiteRD "81"]
[BlackElo "1588"]
[BlackRD "97"]
[GameID "315568"]

1. d4 Nf6 2. c4 e5 3. dxe5 Ng4 4. Nh3 Nxe5 5. e3 Nbc6 6. Nf4 g6 7. Nc3 Bb4 8. Nd5 Bxc3+ 9. Nxc3 O-O 10. f4 Nxc4
11. Bxc4 d6 12. O-O Be6 13. Bxe6 fxe6 14. Qb3
1-0

[Event "Party on Budapest!"]
[Site "SchemingMind.com"]
[Date "2012.08.05"]
[Round "-"]
[White "docjan"]
[Black "raider-joe"]
[Result "1-0"]
[WhiteCountry "SWE"]
[BlackCountry "JPN"]
[WhiteElo "2336"]
[WhiteRD "72"]
[BlackElo "1177"]
[BlackRD "114"]
[GameID "315569"]

1. d4 Nf6 2. c4 e5 3. dxe5 Bb4+ 4. Bd2 Bxd2+ 5. Qxd2 Ne4 6. Qe3 f5 7. exf6 Qxf6 8. Qxe4+ Qe6 9. Qxe6+ dxe6 10. e3 c5
11. Bd3 Nc6 12. Nf3 Bd7 13. Nc3 O-O-O 14. Ne4 b6 15. Nd6+ Kc7 16. Nf7 Ne5 17. N3xe5 Rhf8 18. Nxd8 Kxd8 19. Rd1 Ke7 20. Bxh7
1-0

[Event "Party on Budapest!"]
[Site "SchemingMind.com"]
[Date "2012.08.05"]
[Round "-"]
[White "mtnewk"]
[Black "Daryl Fouard"]
[Result "0-1"]
[WhiteCountry "USA"]
[BlackCountry "USA"]
[WhiteElo "1588"]
[WhiteRD "97"]
[BlackElo "1847"]
[BlackRD "81"]
[GameID "315571"]

1. d4 Nf6 2. c4 e5 3. dxe5 Ne4 4. Nf3 Nc6 5. Qd5 Nc5 6. Nc3 d6 7. Ng5 Be6 8. Nxe6 fxe6 9. Qd2 Nxe5 10. b3 Be7
11. Rb1 O-O 12. h3 h6 13. e4 Bh4 14. Qd1 Rxf2
0-1

[Event "Party on Budapest!"]
[Site "SchemingMind.com"]
[Date "2012.08.05"]
[Round "-"]
[White "raider-joe"]
[Black "docjan"]
[Result "0-1"]
[WhiteCountry "JPN"]
[BlackCountry "SWE"]
[WhiteElo "1184"]
[WhiteRD "111"]
[BlackElo "2328"]
[BlackRD "67"]
[GameID "315572"]

1. d4 Nf6 2. c4 e5 3. dxe5 Ng4 4. f3 Nxe5 5. e4 Bc5 6. Nc3 d6 7. Be2 Nbc6 8. Bd2 O-O 9. g4 Qh4+ 10. Kf1 Qf2#
0-1

[Event "Party on Budapest!"]
[Site "SchemingMind.com"]
[Date "2012.08.12"]
[Round "-"]
[White "maro"]
[Black "Olli Ylönen"]
[Result "0-1"]
[WhiteCountry "MEX"]
[BlackCountry "FIN"]
[WhiteElo "1331"]
[WhiteRD "68"]
[BlackElo "1845"]
[BlackRD "53"]
[GameID "315675"]

1. d4 Nf6 2. c4 e5 3. dxe5 Ng4 4. Nh3 Nxe5 5. Qd5 Nbc6 6. Bf4 Bb4+ 7. Nc3 Qe7 8. Bd2 d6 9. g3 Be6 10. Qb5 Bxc4
11. Qxb7 Rb8 12. Nd5 Bxd5 13. Qa6 Bxh1 14. Bxb4 Nxb4 15. Qa4+ Bc6 16. Qd1 Nf3#
0-1

[Event "Party on Budapest!"]
[Site "SchemingMind.com"]
[Date "2012.08.12"]
[Round "-"]
[White "Olli Ylönen"]
[Black "maro"]
[Result "1-0"]
[WhiteCountry "FIN"]
[BlackCountry "MEX"]
[WhiteElo "1863"]
[WhiteRD "56"]
[BlackElo "1347"]
[BlackRD "65"]
[GameID "315676"]

1. d4 Nf6 2. c4 e5 3. dxe5 Ne4 4. Nf3 Bc5 5. e3 Nc6 6. a3 a5 7. Qd5 Ng5 8. Qxc5 b6 9. Qb5 Ba6 10. Qb3 Ne4
11. Nc3 Nxc3 12. Qxc3 O-O 13. c5 Bxf1 14. Rxf1 b5 15. Ke2 b4 16. axb4 axb4 17. Rxa8 Qxa8 18. Qd3 Qd8 19. h4 Re8 20. Ng5 g6
21. f4 h6 22. Ne4 Re7 23. g4
1-0

[Event "Party on Budapest!"]
[Site "SchemingMind.com"]
[Date "2012.08.17"]
[Round "-"]
[White "kenneth m day"]
[Black "Danzino"]
[Result "0-1"]
[WhiteCountry "USA"]
[BlackCountry "GBR"]
[WhiteElo "1721"]
[WhiteRD "52"]
[BlackElo "2031"]
[BlackRD "97"]
[GameID "315981"]

1. d4 Nf6 2. c4 e5 3. dxe5 Ng4 4. Nf3 Bc5 5. e3 Nc6 6. Nc3 O-O 7. Be2 Ngxe5 8. O-O Re8 9. b3 a5 10. Bb2 Nxf3+
11. Bxf3 Ne5 12. Be4 Ra6 13. Qc2 Rh6 14. Nd5 Qh4 15. h3 d6 16. Nf4 Qg5 17. Kh2 c6 18. Rg1 Ng4+ 19. Kh1 Nxe3 20. fxe3 Bxe3
21. Rgf1 Bxf4 22. Rae1 Rf8 23. Qf2 Bxh3 24. Qxf4 Bxg2+ 25. Kg1 Rh1+
0-1

[Event "Party on Budapest!"]
[Site "SchemingMind.com"]
[Date "2012.08.14"]
[Round "-"]
[White "Danzino"]
[Black "kenneth m day"]
[Result "1-0"]
[WhiteCountry "GBR"]
[BlackCountry "USA"]
[WhiteElo "2031"]
[WhiteRD "97"]
[BlackElo "1721"]
[BlackRD "52"]
[GameID "315984"]

1. d4 Nf6 2. c4 e5 3. dxe5 Ng4 4. Bf4 Nc6 5. Nf3 Bb4+ 6. Nbd2 Qe7 7. e3 Ngxe5 8. Nxe5 Nxe5 9. Be2 d6 10. O-O O-O
11. Nb3 Be6 12. a3 Bc5 13. Nxc5 dxc5 14. Bxe5 Rfd8 15. Qc2 Qg5 16. Bxc7 Rd7 17. Bf4 Qe7 18. Rad1 Rad8 19. Rxd7 Rxd7 20. Rd1 g5
21. Rxd7 Bxd7 22. Bg3
1-0

[Event "Party on Budapest!"]
[Site "SchemingMind.com"]
[Date "2012.08.17"]
[Round "-"]
[White "eraymond"]
[Black "John Galvin"]
[Result "1-0"]
[WhiteCountry "CAN"]
[BlackCountry "USA"]
[WhiteElo "2385"]
[WhiteRD "85"]
[BlackElo "2342"]
[BlackRD "67"]
[GameID "316123"]

1. d4 Nf6 2. c4 e5 3. dxe5 Ng4 4. Bf4 g5 5. Bg3 Bg7 6. h4 Nxe5 7. hxg5 Nxc4 8. Nc3 Nc6 9. e3 N4e5 10. f4 Ng6
11. Nf3 Bxc3+ 12. bxc3 d5 13. Bd3 Bg4 14. Kf2 Qd7 15. Rb1 O-O 16. Qc2 Nce7 17. Ne5 Nxe5 18. Bxh7+ Kg7 19. f5 N5g6 20. f6+
1-0

[Event "Party on Budapest!"]
[Site "SchemingMind.com"]
[Date "2012.08.17"]
[Round "-"]
[White "John Galvin"]
[Black "eraymond"]
[Result "1/2-1/2"]
[WhiteCountry "USA"]
[BlackCountry "CAN"]
[WhiteElo "2342"]
[WhiteRD "67"]
[BlackElo "2385"]
[BlackRD "85"]
[GameID "316129"]

1. d4 Nf6 2. c4 e5 3. dxe5 Ng4 4. Nf3 Bc5 5. e3 Nc6 6. Be2 Ngxe5 7. O-O d6 8. Nxe5 Nxe5 9. Nc3 O-O 10. f4 Nd7
11. Bf3 Re8 12. Qd3 a5 13. Bd2 Nf6 14. Na4 Ba7 15. Nc3 c6 16. Rae1 Be6 17. f5 Bc8 18. Kh1 Nd7 19. Be2 Qf6 20. e4 Bd4
21. Bg5 Qe5 22. Bf4=
1/2-1/2

[Event "Party on Budapest!"]
[Site "SchemingMind.com"]
[Date "2012.08.19"]
[Round "-"]
[White "mochiron"]
[Black "Aadsje"]
[Result "0-1"]
[WhiteCountry "JPN"]
[BlackCountry "NED"]
[WhiteElo "1394"]
[WhiteRD "80"]
[BlackElo "2233"]
[BlackRD "63"]
[GameID "316160"]

1. d4 Nf6 2. c4 e5 3. dxe5 Ng4 4. Nf3 Bc5 5. e3 Nc6 6. Be2 Ncxe5 7. Nxe5 Nxe5 8. O-O O-O 9. b3 Re8 10. Nc3 a5
11. Ne4 Ba7 12. Bb2 d6 13. Qc2 Bf5 14. Bd3 Nxd3 15. Qxd3 Bxe4 16. Qe2 Qg5 17. f3 Bd3 18. Qxd3 Rxe3 19. Qxe3 Qxe3+ 20. Kh1 Re8
21. h3 Qd2 22. Ba3 Re2 23. Rg1 Bxg1 24. Rxg1 Qxa2 25. Bc1 Qxb3 26. Bf4 Qxc4 27. Bg3 b5
0-1

[Event "Party on Budapest!"]
[Site "SchemingMind.com"]
[Date "2012.08.20"]
[Round "-"]
[White "lennart"]
[Black "kubinet"]
[Result "0-1"]
[WhiteCountry "SWE"]
[BlackCountry "GER"]
[WhiteElo "1502"]
[WhiteRD "54"]
[BlackElo "1690"]
[BlackRD "58"]
[GameID "316164"]

1. d4 Nf6 2. c4 e5 3. dxe5 Ng4 4. Qd4 h5 5. h3 Nh6 6. Bxh6 Rxh6 7. e3 Nc6 8. Qc3 Bb4 9. Ne2 Bxc3+ 10. Nbxc3 Nxe5
11. Nf4 d6 12. Rd1 Bd7 13. Ne4 Bc6 14. Nc3 Qd7 15. Ncd5 g5 16. Ne2 O-O-O 17. Rd4 f5 18. g3 Nf3+
0-1

[Event "Party on Budapest!"]
[Site "SchemingMind.com"]
[Date "2012.08.19"]
[Round "-"]
[White "Aadsje"]
[Black "mochiron"]
[Result "1-0"]
[WhiteCountry "NED"]
[BlackCountry "JPN"]
[WhiteElo "2233"]
[WhiteRD "63"]
[BlackElo "1394"]
[BlackRD "80"]
[GameID "316167"]

1. d4 Nf6 2. c4 e5 3. dxe5 Ne4 4. a3 Bc5 5. e3 O-O 6. Qd5 Qh4 7. g3 Nxg3 8. hxg3 Qe7 9. b4 Bxb4+ 10. axb4 c6
11. Qe4 f5 12. Qh4 Qxh4 13. Rxh4 b5 14. cxb5 cxb5 15. Bxb5 Nc6 16. Bb2 Bb7 17. Bc4+ Kh8 18. Nh3 Nxb4 19. Ng5 Nc2+ 20. Ke2 h6
21. Rxh6+ gxh6 22. e6+ Kg8 23. exd7+ Rf7 24. Rxa7 Rxa7 25. d8=Q#
1-0

[Event "Party on Budapest!"]
[Site "SchemingMind.com"]
[Date "2012.08.19"]
[Round "-"]
[White "kubinet"]
[Black "lennart"]
[Result "1-0"]
[WhiteCountry "GER"]
[BlackCountry "SWE"]
[WhiteElo "1652"]
[WhiteRD "55"]
[BlackElo "1490"]
[BlackRD "55"]
[GameID "316171"]

1. d4 Nf6 2. c4 e5 3. dxe5 Ne4 4. Qc2 Nc5 5. Nc3 Nc6 6. f4 Nb4 7. Qd1 c6 8. a3 Nba6 9. e4 d6 10. exd6 Bxd6
11. b4 Ne6 12. e5 Be7 13. Qc2 Nd4 14. Qd1 h6 15. Be3 Nf5 16. Bf2 O-O 17. Nf3 f6 18. Bd3 Re8 19. O-O Nc7 20. Qc2 g6
21. Rad1 Be6 22. Ne4 Bd7 23. Nxf6+ Bxf6 24. exf6 Qxf6 25. Ne5 Bc8 26. Ng4 Qg7 27. Ne5 Ne6 28. g3 h5 29. c5 h4 30. Bc4 hxg3
31. hxg3 Rf8 32. Kg2 g5 33. Rh1 gxf4 34. Qb3 Qf6 35. Ng4 f3+ 36. Kg1 Qe7 37. Re1 Ng7 38. Nh6+
1-0

[Event "Party on Budapest!"]
[Site "SchemingMind.com"]
[Date "2012.10.23"]
[Round "-"]
[White "kibic"]
[Black "Danzino"]
[Result "1-0"]
[WhiteCountry "INT"]
[BlackCountry "GBR"]
[WhiteElo "2354"]
[WhiteRD "63"]
[BlackElo "2022"]
[BlackRD "109"]
[GameID "319734"]

1. d4 Nf6 2. c4 e5 3. dxe5 Ng4 4. Bf4 g5 5. Bg3 Bg7 6. Nf3 Nc6 7. h4 Ngxe5 8. Nxe5 Nxe5 9. Nc3 g4 10. e3 d6
11. Be2 h5 12. c5 dxc5 13. Qxd8+ Kxd8 14. O-O-O+ Bd7 15. Rd5 Re8 16. Rhd1 Re7 17. Rxc5 c6 18. Ne4 Kc7 19. Rdd5 f6 20. Nxf6 Bxf6
21. Rxe5 Bxe5 22. Bxe5+ Kb6 23. Bd4 Kc7 24. Rxh5 Rf8 25. Bc5 Rxf2 26. Bxe7 Rxe2 27. g3 Rxe3 28. Bg5 Re2 29. Rh7 c5 30. h5 Kc6
31. Bf4 Rc2+ 32. Kxc2 Bf5+ 33. Kd2 Bxh7 34. Ke3 Kd5 35. Bc7 c4 36. Kf4 b5 37. Kxg4 b4 38. Ba5 c3 39. bxc3 bxc3 40. Bxc3 Bc2
41. Kg5 Ke6 42. g4 Bd1 43. Kh4 Kf7 44. g5 Bc2 45. Kg3 Bd3 46. Kf4 Bc2 47. g6+
1-0

[Event "Party on Budapest!"]
[Site "SchemingMind.com"]
[Date "2012.10.23"]
[Round "-"]
[White "Danzino"]
[Black "kibic"]
[Result "1/2-1/2"]
[WhiteCountry "GBR"]
[BlackCountry "INT"]
[WhiteElo "2029"]
[WhiteRD "108"]
[BlackElo "2343"]
[BlackRD "63"]
[GameID "319737"]

1. d4 Nf6 2. c4 e5 3. dxe5 Ng4 4. Bf4 Bb4+ 5. Nd2 Nc6 6. Nf3 Qe7 7. e3 O-O 8. Be2 Ngxe5 9. Nxe5 Nxe5 10. O-O Bxd2
11. Qxd2 d6 12. Rfd1 f6 13. Rac1 b6 14. Bxe5 fxe5 15. Bf3 Rb8 16. Bc6 Be6 17. Bd5 Rf6 18. b4 Kh8 19. Bxe6 Rxe6 20. c5 dxc5
21. bxc5 bxc5 22. Qa5 Rc6 23. Qxa7 Qf8 24. Qa4 Rd6 25. Qc2 h6 26. h3 Ra8 27. a4 Qe7 28. Ra1 Qd7 29. Rdc1 Ra5 30. Qe4 Qe7
31. Rc4 Rd2 32. Rb1 Qf8 33. Qf3 Qxf3 34. gxf3 Ra2 35. Rb7 R2xa4 36. Rxa4 Rxa4 37. Rxc7 Rc4 38. Kg2 Rc2 39. Re7 g5 40. Rxe5 Kg7
41. Re6 c4 42. Rc6 h5 43. Kg3 Kf7 44. h4 gxh4+ 45. Kxh4 Ke7 46. Kxh5 Kd7 47. Ra6 c3 48. Kg4 Rxf2 49. Ra4 c2 50. Rc4 Ke6
51. Kf4 Kd5 52. Rc8 Re2 53. Rc7=
1/2-1/2

[Event "Party on Budapest!"]
[Site "SchemingMind.com"]
[Date "2012.11.01"]
[Round "-"]
[White "Olli Ylönen"]
[Black "eraymond"]
[Result "0-1"]
[WhiteCountry "FIN"]
[BlackCountry "CAN"]
[WhiteElo "1847"]
[WhiteRD "53"]
[BlackElo "2413"]
[BlackRD "88"]
[GameID "319944"]

1. d4 Nf6 2. c4 e5 3. dxe5 Ng4 4. Nf3 Bc5 5. e3 Nc6 6. Be2 Ngxe5 7. Nxe5 Nxe5 8. Nc3 d6 9. O-O O-O 10. b3 Bf5
11. Bb2 a6 12. Na4 Ba7 13. c5 Re8 14. cxd6 cxd6 15. Rc1 Qg5 16. Qd5 Qg6 17. Qxb7 Be4
0-1

[Event "Party on Budapest!"]
[Site "SchemingMind.com"]
[Date "2012.10.30"]
[Round "-"]
[White "eraymond"]
[Black "Olli Ylönen"]
[Result "1-0"]
[WhiteCountry "CAN"]
[BlackCountry "FIN"]
[WhiteElo "2413"]
[WhiteRD "88"]
[BlackElo "1847"]
[BlackRD "53"]
[GameID "319946"]

1. d4 Nf6 2. c4 e5 3. dxe5 Ng4 4. Bf4 Bb4+ 5. Nc3 Nc6 6. Nf3 Qe7 7. Qb3 a5 8. a3 a4 9. Qc2 Ba5 10. g3 Ngxe5
11. Nxe5 Nxe5 12. Bg2 Nxc4 13. O-O c6 14. Qxa4 Nxb2 15. Qb3 Bxc3 16. Qxc3 Nc4 17. Qxc4 O-O 18. Qb4 Qxb4 19. axb4 Rxa1 20. Rxa1 d5
21. Ra7 Rd8 22. e3 g6 23. Be5 f5 24. b5 cxb5 25. Ra5 Bd7 26. Bxd5+
1-0

[Event "Party on Budapest!"]
[Site "SchemingMind.com"]
[Date "2012.11.13"]
[Round "-"]
[White "kubinet"]
[Black "Daryl Fouard"]
[Result "0-1"]
[WhiteCountry "GER"]
[BlackCountry "USA"]
[WhiteElo "1454"]
[WhiteRD "44"]
[BlackElo "1796"]
[BlackRD "75"]
[GameID "321052"]

1. d4 Nf6 2. c4 e5 3. dxe5 Ne4 4. Qc2 Bb4+ 5. Nd2 d5 6. e3 Nc6 7. a3 Bxd2+ 8. Bxd2 Nxe5 9. Be2 Bf5 10. Bd3 Nxd3+
0-1

[Event "Party on Budapest!"]
[Site "SchemingMind.com"]
[Date "2012.11.11"]
[Round "-"]
[White "Daryl Fouard"]
[Black "kubinet"]
[Result "1-0"]
[WhiteCountry "USA"]
[BlackCountry "GER"]
[WhiteElo "1796"]
[WhiteRD "75"]
[BlackElo "1454"]
[BlackRD "44"]
[GameID "321055"]

1. d4 Nf6 2. c4 e5 3. dxe5 Ng4 4. e3 Nxe5 5. Nh3 Bb4+ 6. Bd2 Bxd2+ 7. Qxd2 O-O 8. Nf4 d6 9. Nc3 Nbc6 10. Be2 a6
11. O-O Bf5 12. e4
1-0

[Event "Party on Budapest!"]
[Site "SchemingMind.com"]
[Date "2013.02.07"]
[Round "-"]
[White "kibic"]
[Black "Daryl Fouard"]
[Result "1-0"]
[WhiteCountry "INT"]
[BlackCountry "USA"]
[WhiteElo "2343"]
[WhiteRD "63"]
[BlackElo "1735"]
[BlackRD "72"]
[GameID "326338"]

1. d4 Nf6 2. c4 e5 3. dxe5 Ng4 4. e3 Bb4+ 5. Bd2 Nc6 6. Qxg4 Bxd2+ 7. Nxd2 O-O 8. Qe4 Re8 9. Ngf3 d6 10. c5 Nxe5
11. cxd6 Bg4 12. Nxe5
1-0

[Event "Party on Budapest!"]
[Site "SchemingMind.com"]
[Date "2013.02.07"]
[Round "-"]
[White "Daryl Fouard"]
[Black "kibic"]
[Result "0-1"]
[WhiteCountry "USA"]
[BlackCountry "INT"]
[WhiteElo "1735"]
[WhiteRD "72"]
[BlackElo "2343"]
[BlackRD "63"]
[GameID "326342"]

1. d4 Nf6 2. c4 e5 3. dxe5 Ng4 4. e3 Nxe5 5. Nh3 d6 6. Nf4 Nbd7 7. Be2 Nc5 8. Nc3 a5 9. O-O c6 10. Nd3 Nexd3
11. Bxd3 Be7 12. Bb1 Be6 13. Ne4 Bxc4 14. Re1 Ne6 15. Nd2 Ba6 16. b3 Bf6
0-1

[Event "Party on Budapest!"]
[Site "SchemingMind.com"]
[Date "2013.02.17"]
[Round "-"]
[White "Aadsje"]
[Black "eraymond"]
[Result "0-1"]
[WhiteCountry "NED"]
[BlackCountry "CAN"]
[WhiteElo "2262"]
[WhiteRD "64"]
[BlackElo "2407"]
[BlackRD "96"]
[GameID "326966"]

1. d4 Nf6 2. c4 e5 3. dxe5 Ng4 4. Bf4 g5 5. Bg3 Bg7 6. Nf3 Nc6 7. Nc3 Ngxe5 8. Nxe5 Nxe5 9. e3 d6 10. Be2 Be6
11. h4 g4 12. h5 h6 13. Nd5 c6 14. Bh4 Qa5+ 15. b4 Qa3 16. Nc7+ Kd7 17. Nxe6 Qc3+ 18. Kf1 fxe6 19. Qc1 Nxc4 20. Qxc3 Bxc3
21. Rc1 Nd2+ 22. Kg1 Bxb4 23. Bxg4 d5 24. g3 Raf8 25. Kg2 Rhg8 26. Bd1 a5 27. Rc2 Ne4 28. f3 Nd6 29. g4 Nc4
0-1

[Event "Party on Budapest!"]
[Site "SchemingMind.com"]
[Date "2013.02.17"]
[Round "-"]
[White "eraymond"]
[Black "Aadsje"]
[Result "1/2-1/2"]
[WhiteCountry "CAN"]
[BlackCountry "NED"]
[WhiteElo "2407"]
[WhiteRD "96"]
[BlackElo "2262"]
[BlackRD "64"]
[GameID "326968"]

1. d4 Nf6 2. c4 e5 3. dxe5 Ng4 4. Bf4 g5 5. Bd2 Nxe5 6. Nf3 Nbc6 7. Nc3 d6 8. Qc2 Bg7 9. O-O-O h6 10. Nd5 Be6
11. h4 g4 12. Nxe5 Bxe5 13. Bc3 O-O 14. f4 Bxc3 15. Qxc3 Bxd5 16. cxd5 Nb8 17. e4 Nd7 18. Bb5 Nc5 19. e5 Qe7 20. Qg3 f5
21. exf6 Qxf6 22. Qxg4+ Kh8 23. g3 Rf7 24. Qf3 Rg8 25. Bd3 Rfg7 26. Rhg1 Rg4 27. Rg2 Qg7 28. Rdg1 Nxd3+ 29. Qxd3 Rf8 30. Qf3 Qg6
31. Qc3+ Qg7 32. Qf3 Qg6=
1/2-1/2

[Event "Party on Budapest!"]
[Site "SchemingMind.com"]
[Date "2013.05.27"]
[Round "-"]
[White "eraymond"]
[Black "kibic"]
[Result "1-0"]
[WhiteCountry "CAN"]
[BlackCountry "INT"]
[WhiteElo "2433"]
[WhiteRD "107"]
[BlackElo "2289"]
[BlackRD "83"]
[GameID "332218"]

1. d4 Nf6 2. c4 e5 3. dxe5 Ng4 4. Bf4 Nc6 5. Nf3 f6 6. exf6 Qxf6 7. e3 Qxb2 8. Nbd2 Bc5 9. Rb1 Qa3 10. Be2 d6
11. O-O Nf6 12. Ng5 O-O 13. Nde4 Kh8 14. Nxf6 Rxf6 15. Ne4 Rf8 16. Nxc5 Qxc5 17. Rb5 Qa3 18. Qc2 Rf6 19. Qe4 Re6 20. Qb1 h6
21. Rd1 b6 22. Qf5 Kg8 23. Qd5 Bd7 24. c5 bxc5 25. Bg4 Re8 26. Rb7 Nb4 27. Qh5 Na6 28. Bxe6+ Rxe6 29. Bxd6 Bc6 30. Rxa7 Qa4
31. Bg3 Kh7 32. Qf5+ Rg6 33. Rd8 Qe4 34. Qxe4 Bxe4 35. f3 Bb1 36. a4 c4 37. Be5 Bc2 38. a5 Re6 39. Bd4 Ba4 40. Kf2 c3
41. Bxc3 Rc6 42. e4 Nc5 43. Be5 Ne6 44. Rd2 Rc5 45. f4 Bb5 46. Ke3 Rc4 47. f5 Nc5 48. Bd4 Nb3 49. Rd3 Nxd4 50. Rxd4 Rc3+
51. Kf4 Rc1 52. Rd8 Rc2 53. Raa8 g6 54. Rh8+ Kg7 55. Rag8+
1-0

[Event "Party on Budapest!"]
[Site "SchemingMind.com"]
[Date "2013.05.26"]
[Round "-"]
[White "kibic"]
[Black "eraymond"]
[Result "1/2-1/2"]
[WhiteCountry "INT"]
[BlackCountry "CAN"]
[WhiteElo "2306"]
[WhiteRD "82"]
[BlackElo "2408"]
[BlackRD "112"]
[GameID "332222"]

1. d4 Nf6 2. c4 e5 3. dxe5 Ng4 4. Bf4 Bb4+ 5. Nc3 Nc6 6. Nf3 Bxc3+ 7. bxc3 Qe7 8. Qd5 f6 9. exf6 Nxf6 10. Qb5 d6
11. c5 dxc5 12. e3 O-O 13. Bd3 Kh8 14. O-O Rb8 15. h3 Nd5 16. Rfe1 Be6 17. Rac1 Nxf4 18. exf4 Rxf4 19. Be4 Qf8 20. Rcd1 Bxa2
21. Rd7 a6 22. Qd3 Bg8 23. Rxc7 Rd8 24. Qb1 Na5 25. Bxb7 Nxb7 26. Rxb7 a5 27. Ra7 a4 28. Qb5 Bd5 29. Rxa4 c4 30. Rd1 Bxf3
31. Rxd8 Qxd8 32. gxf3 Qd1+ 33. Kh2 Qxf3 34. Qc5 h5 35. Qe3 Kh7 36. Qxf3 Rxf3 37. Rxc4 Rxf2+ 38. Kg3 Rd2 39. Rd4 Rc2 40. Rc4 Rd2=
1/2-1/2